000 00317nam a22001337a 4500
008 171005b xxu||||| |||| 00| 0 eng d
020 _a9781442208513
041 _aeng
080 _23 ED
_a159.9
100 _a49
101 _aPSI
245 _aINSIDE OUT AND OUTSIDE IN THE
_cBERZOF.J
942 _2udc
_cBK
999 _c32123
_d32123